000
00262nam a22001097a 4500
008
170116b xxu||||| |||| 00| 0 eng d
020
_a
2900805356228
041
_a
eng
080
_2
4TH
_a
618.2
245
_a
MATERNAL-NEWBORN NURSING CARE
_c
LADEWIG
942
_2
udc
_c
BK
999
_c
2919
_d
2919